[Event "Toronto Hart House Reading Week op"]
[Site "Toronto"]
[Date "2012.02.18"]
[Round "1"]
[White "Semianiuk, Konstantin"]
[Black "Ye, Stephen"]
[Result "1-0"]
[WhiteElo "2218"]
[BlackElo "1954"]
[PlyCount "35"]
[EventDate "2012.02.18"]
[EventType "swiss"]
[EventRounds "6"]
[EventCountry "CAN"]
[SourceTitle "EXT 2022"]
[Source "ChessBase"]
[SourceDate "2021.10.06"]
[SourceVersion "1"]
[SourceVersionDate "2021.10.06"]
[SourceQuality "1"]

1. e4 c5 2. Nf3 Nc6 3. Bb5 g6 4. Bxc6 bxc6 5. 0-0 d5 6. Qe2 Bg7 7. exd5 cxd5 8. Qb5+ Qd7 9. Qxc5 Ba6 10. Re1 Rc8 11. Qa5 Qb7 12. Nc3 Nf6 13. Qa4+ Qc6 14. Qh4 0-0 15. d3 Rfe8 16. Bg5 Qd6 17. Qa4 Rc5 18. Bxf6 1-0

[Event "Toronto Thanksgiving op"]
[Site "Toronto"]
[Date "2011.10.08"]
[Round "2"]
[White "Cheng, Bindi"]
[Black "Semianiuk, Konstantin"]
[Result "1-0"]
[WhiteElo "2533"]
[BlackElo "2204"]
[PlyCount "95"]
[EventDate "2011.10.08"]
[EventType "swiss"]
[EventRounds "6"]
[EventCountry "CAN"]
[SourceTitle "EXT 2022"]
[Source "ChessBase"]
[SourceDate "2021.10.06"]
[SourceVersion "1"]
[SourceVersionDate "2021.10.06"]
[SourceQuality "1"]

1. d4 d5 2. Nf3 Nf6 3. c4 c6 4. cxd5 cxd5 5. Nc3 Nc6 6. Bf4 a6 7. Rc1 e6 8. e3 Be7 9. h3 Bd7 10. Bd3 b5 11. 0-0 0-0 12. a4 b4 13. Nb1 Qb6 14. Nbd2 Rfc8 15. Qe2 Na5 16. Ra1 b3 17. Ne5 Be8 18. Bg5 Qb4 19. Rfd1 Qb7 20. Qf3 Nc6 21. Bb1 h6 22. Bh4 Nxe5 23. dxe5 Nh7 24. Bxe7 Qxe7 25. Qe2 Nf8 26. e4 Qb4 27. exd5 exd5 28. Qg4 Qxg4 29. hxg4 Rab8 30. Ra3 Rb4 31. Bf5 Rcb8 32. a5 Rd4 33. f3 g6 34. Bb1 Nd7 35. Kf2 Nxe5 36. Ke3 Rdb4 37. Rc1 Nc4+ 38. Nxc4 Rxc4 39. Rd1 Ra4 40. Rxa4 Bxa4 41. Rxd5 Re8+ 42. Kd2 Re6 43. Bd3 Kg7 44. Rd4 Be8 45. Rd8 Ba4 46. Kc3 Kf6 47. Kb4 Bc6 48. Bxa6 1-0

[Event "CAN-ch U16"]
[Site "Richmond Hill"]
[Date "2011.07.06"]
[Round "1"]
[White "Song, Lin"]
[Black "Semianiuk, Konstantin"]
[Result "0-1"]
[WhiteElo "1882"]
[BlackElo "2218"]
[PlyCount "78"]
[EventDate "2011.07.06"]
[EventType "swiss"]
[EventRounds "7"]
[EventCountry "CAN"]
[SourceTitle "EXT 2022"]
[Source "ChessBase"]
[SourceDate "2021.10.06"]
[SourceVersion "1"]
[SourceVersionDate "2021.10.06"]
[SourceQuality "1"]

1. e4 c5 2. Nf3 Nc6 3. d4 cxd4 4. Nxd4 e5 5. Nb5 d6 6. c4 Be7 7. N1c3 a6 8. Na3 f5 9. Bd3 fxe4 10. Nxe4 Nf6 11. 0-0 0-0 12. Nc2 Bd7 13. f4 exf4 14. Bxf4 Ne5 15. Nxf6+ Bxf6 16. Be4 Bc6 17. Bd5+ Kh8 18. Rb1 Qc7 19. Kh1 Rac8 20. b3 Be7 21. Ne3 Ng6 22. Bg3 Rxf1+ 23. Qxf1 Rf8 24. Qd3 Ne5 25. Bxe5 dxe5 26. Bxc6 bxc6 27. Rf1 Re8 28. Qf5 Qd6 29. Rd1 Qf6 30. Qe4 Rf8 31. h3 Qf4 32. Qd3 e4 33. Qe2 Bd6 34. g4 Qg3 35. Qg2 Qxe3 36. Rxd6 h5 37. Rd2 Rf3 38. Rd8+ Kh7 39. Kh2 Rf2 0-1

[Event "Hamilton Winter op"]
[Site "Hamilton"]
[Date "2011.03.27"]
[Round "5"]
[White "Noritsyn, Nikolay"]
[Black "Semianiuk, Konstantin"]
[Result "1-0"]
[WhiteElo "2584"]
[BlackElo "2205"]
[PlyCount "59"]
[EventDate "2011.03.26"]
[EventType "swiss"]
[EventRounds "6"]
[EventCountry "CAN"]
[SourceTitle "EXT 2022"]
[Source "ChessBase"]
[SourceDate "2021.10.06"]
[SourceVersion "1"]
[SourceVersionDate "2021.10.06"]
[SourceQuality "1"]

1. c4 c6 2. e4 d5 3. exd5 cxd5 4. cxd5 Qxd5 5. Nc3 Qd8 6. d4 Nf6 7. Nf3 e6 8. Bd3 Be7 9. 0-0 0-0 10. Re1 Nc6 11. a3 b6 12. Bc2 a5 13. Bg5 Ba6 14. Qd2 Nd5 15. Nxd5 exd5 16. Rac1 f6 17. Bf4 Bb7 18. Nh4 Rf7 19. Nf5 Bf8 20. h4 Qd7 21. h5 g6 22. hxg6 hxg6 23. Nh4 Qg4 24. Nxg6 Rg7 25. Re3 Nxd4 26. Qxd4 Bc5 27. Qxf6 Bxe3 28. Bxe3 d4 29. Bb3+ Kh7 30. Nf8+ 1-0

[Event "Hamilton Winter op"]
[Site "Hamilton"]
[Date "2011.03.27"]
[Round "4"]
[White "Semianiuk, Konstantin"]
[Black "Thomson, Matt"]
[Result "1-0"]
[WhiteElo "2205"]
[BlackElo "2051"]
[PlyCount "69"]
[EventDate "2011.03.26"]
[EventType "swiss"]
[EventRounds "6"]
[EventCountry "CAN"]
[SourceTitle "EXT 2022"]
[Source "ChessBase"]
[SourceDate "2021.10.06"]
[SourceVersion "1"]
[SourceVersionDate "2021.10.06"]
[SourceQuality "1"]

1. e4 c6 2. d4 d5 3. exd5 cxd5 4. Bd3 Nc6 5. c3 Qc7 6. Ne2 Bg4 7. f3 Bd7 8. Bf4 e5 9. dxe5 Nxe5 10. Bc2 Bd6 11. Bxe5 Bxe5 12. Ba4 0-0-0 13. Bxd7+ Rxd7 14. Qa4 Kb8 15. Na3 Nf6 16. 0-0-0 Qc5 17. Kb1 Rc8 18. Nb5 Qb6 19. g4 Rc5 20. Nbd4 Rdc7 21. g5 Nd7 22. f4 Bxd4 23. Qxd4 Qa6 24. Qd3 Qa4 25. Qxh7 Ra5 26. Nc1 a6 27. Qh8+ Rc8 28. Qxg7 Qe4+ 29. Ka1 Qc2 30. Qd4 Rc4 31. Qd3 Qf2 32. f5 Nc5 33. Qg3+ Qxg3 34. hxg3 Rg4 35. b4 1-0

[Event "World ol U16 09th"]
[Site "Burdur"]
[Date "2010.12.04"]
[Round "10"]
[White "Du Randt, Jeandre"]
[Black "Semianiuk, Konstantin"]
[Result "0-1"]
[WhiteElo "1844"]
[BlackElo "2030"]
[PlyCount "128"]
[EventDate "2010.11.27"]
[EventType "team-swiss"]
[EventRounds "10"]
[EventCountry "TUR"]
[SourceTitle "CBM 139 Extra"]
[Source "ChessBase"]
[SourceDate "2011.01.05"]
[SourceVersion "1"]
[SourceVersionDate "2011.01.05"]
[SourceQuality "1"]
[WhiteTeam "South Africa"]
[BlackTeam "Canada"]
[WhiteTeamCountry "RSA"]
[BlackTeamCountry "CAN"]

1. e4 c5 2. Nf3 Nc6 3. d4 cxd4 4. Nxd4 Qb6 5. Nxc6 bxc6 6. Nc3 d6 7. Be2 Nf6 8. 0-0 e6 9. Re1 Be7 10. Bf3 e5 11. g3 0-0 12. Kh1 Rd8 13. Bg2 Ng4 14. Be3 Nxf2+ 15. Bxf2 Qxf2 16. Rf1 Qb6 17. Qf3 f6 18. Na4 Qb4 19. Qb3+ Qxb3 20. axb3 Be6 21. Nc3 a5 22. Rfd1 Kf7 23. Ra4 g6 24. Rda1 d5 25. exd5 cxd5 26. Rxa5 Rxa5 27. Rxa5 e4 28. Kg1 f5 29. Ne2 d4 30. Nf4 Rc8 31. Re5 Bd7 32. Rd5 Bc6 33. Ra5 Bg5 34. Rc5 Bb7 35. Rxc8 Bxc8 36. Nd5 Ke6 37. Nb4 Be7 38. Nc6 Bc5 39. b4 Bb6 40. Kf1 Ba6+ 41. Ke1 g5 42. Na5 Kd5 43. Nb3 h5 44. Nd2 Bc7 45. c3 d3 46. Nb3 Bb6 47. Nd2 Be3 48. b3 Bxd2+ 49. Kxd2 f4 50. gxf4 gxf4 51. b5 Bb7 52. Bf1 Kc5 53. Bxd3 exd3 54. Kxd3 Kxb5 55. h4 Kc5 56. Ke2 Bd5 57. Kd3 Bxb3 58. Ke4 Kc4 59. Kxf4 Bd1 60. Ke4 Kxc3 61. Ke3 Bg4 62. Ke4 Kd2 63. Kf4 Ke2 64. Kg3 Ke3 0-1

[Event "World ol U16 09th"]
[Site "Burdur"]
[Date "2010.11.27"]
[Round "1"]
[White "Semianiuk, Konstantin"]
[Black "Meribanov, Vitaly"]
[Result "0-1"]
[WhiteElo "2030"]
[BlackElo "2219"]
[PlyCount "81"]
[EventDate "2010.11.27"]
[EventType "team-swiss"]
[EventRounds "10"]
[EventCountry "TUR"]
[SourceTitle "CBM 139 Extra"]
[Source "ChessBase"]
[SourceDate "2011.01.05"]
[SourceVersion "1"]
[SourceVersionDate "2011.01.05"]
[SourceQuality "1"]
[WhiteTeam "Canada"]
[BlackTeam "Belarus"]
[WhiteTeamCountry "CAN"]
[BlackTeamCountry "BLR"]

1. e4 c5 2. Nf3 e6 3. b3 Nc6 4. Bb2 d6 5. d4 cxd4 6. Nxd4 e5 7. Nxc6 bxc6 8. c4 Nf6 9. Nc3 Be7 10. Be2 0-0 11. 0-0 Be6 12. Bf3 Qc7 13. Rc1 Qa5 14. Qe2 h6 15. Rfd1 Nh7 16. g3 Rad8 17. Bg2 Ng5 18. h4 Nh7 19. Qd2 Qa6 20. Qe2 Qa5 21. Qd2 Qb6 22. Na4 Qb8 23. Bc3 Nf6 24. Qe3 Nd7 25. Ba5 Rc8 26. Rc2 f5 27. Bh3 Rf6 28. Nc3 f4 29. Bxe6+ Rxe6 30. Qe2 Rg6 31. Qh5 Rf6 32. Qg4 Nc5 33. b4 Ne6 34. Rcd2 Nd4 35. Kg2 Rcf8 36. Rb1 Qe8 37. h5 Qf7 38. Rbb2 fxg3 39. fxg3 Qxc4 40. Nb1 Kh8 41. Qf3 0-1

[Event "Guelph Fall ProAm"]
[Site "Guelph"]
[Date "2010.11.06"]
[Round "2"]
[White "Noritsyn, Nikolay"]
[Black "Semianiuk, Konstantin"]
[Result "1-0"]
[WhiteElo "2559"]
[BlackElo "2195"]
[PlyCount "79"]
[EventDate "2010.11.06"]
[EventType "swiss"]
[EventRounds "5"]
[EventCountry "CAN"]
[SourceTitle "EXT 2022"]
[Source "ChessBase"]
[SourceDate "2021.10.06"]
[SourceVersion "1"]
[SourceVersionDate "2021.10.06"]
[SourceQuality "1"]

1. d4 d5 2. c4 c6 3. Nf3 Nf6 4. e3 a6 5. b3 Bg4 6. Be2 e6 7. h3 Bxf3 8. Bxf3 Be7 9. 0-0 0-0 10. Nc3 Nbd7 11. Bb2 b5 12. Qc2 Nb6 13. c5 Nbd7 14. Ne2 Qc7 15. a4 Rfe8 16. b4 Bf8 17. Ra3 g6 18. Rfa1 Rab8 19. axb5 axb5 20. Ra6 Bg7 21. Nc1 Rb7 22. Nb3 Nb8 23. Ra8 Qe7 24. Na5 Rc7 25. Bc3 h5 26. Ra3 Kh7 27. g3 Nbd7 28. Ra6 Rec8 29. Bg2 e5 30. dxe5 Nxe5 31. Bd4 Ne8 32. e4 Nc4 33. Nxc4 dxc4 34. e5 Qe6 35. Re3 Rd7 36. Bc3 Nc7 37. Rxc6 Qe8 38. Rd6 Nd5 39. Bxd5 Bf8 40. Qe2 1-0

[Event "Kitchener Oktoberfest"]
[Site "Kitchener"]
[Date "2010.10.17"]
[Round "4"]
[White "Semianiuk, Konstantin"]
[Black "Grigorescu, Laurentiu"]
[Result "1-0"]
[WhiteElo "2141"]
[BlackElo "2076"]
[PlyCount "55"]
[EventDate "2010.10.15"]
[EventType "swiss"]
[EventRounds "5"]
[EventCountry "CAN"]
[SourceTitle "EXT 2022"]
[Source "ChessBase"]
[SourceDate "2021.10.06"]
[SourceVersion "1"]
[SourceVersionDate "2021.10.06"]
[SourceQuality "1"]

1. e4 e5 2. Nf3 Nc6 3. d4 exd4 4. Nxd4 Nf6 5. Nc3 Bb4 6. Nxc6 bxc6 7. Bd3 d5 8. exd5 cxd5 9. 0-0 0-0 10. Bg5 c6 11. Qf3 Be7 12. Rae1 Qd6 13. h3 a5 14. Ne2 Bd8 15. Bf4 Qb4 16. b3 Ba6 17. c3 Qb7 18. Ng3 Bxd3 19. Qxd3 Re8 20. Rxe8+ Nxe8 21. Nf5 Bf6 22. Re1 g6 23. Nh6+ Kf8 24. Qe3 Qd7 25. Bg3 Kg7 26. Ng4 Bd8 27. Nh6 Kh8 28. Qe5+ 1-0

[Event "Kitchener Oktoberfest"]
[Site "Kitchener"]
[Date "2010.10.16"]
[Round "3"]
[White "Semianiuk, Konstantin"]
[Black "Fiedler, Brian"]
[Result "1/2-1/2"]
[WhiteElo "2141"]
[BlackElo "2126"]
[PlyCount "75"]
[EventDate "2010.10.15"]
[EventType "swiss"]
[EventRounds "5"]
[EventCountry "CAN"]
[SourceTitle "EXT 2022"]
[Source "ChessBase"]
[SourceDate "2021.10.06"]
[SourceVersion "1"]
[SourceVersionDate "2021.10.06"]
[SourceQuality "1"]

1. e4 c5 2. Nf3 d6 3. Bb5+ Nc6 4. 0-0 Bd7 5. Re1 Nf6 6. c3 e6 7. d4 cxd4 8. cxd4 d5 9. e5 Ne4 10. Bd3 f5 11. exf6 Nxf6 12. Ng5 Qe7 13. Bf5 Nd8 14. Qb3 g6 15. Bh3 Bg7 16. Bd2 a5 17. Nc3 a4 18. Qc2 0-0 19. a3 Nh5 20. Nf3 Qf7 21. Ne2 Nc6 22. Qd3 e5 23. Bxd7 e4 24. Qe3 Qxd7 25. Ng5 Rae8 26. Rad1 h6 27. Nh3 g5 28. Bc3 Qg4 29. Kh1 Nf4 30. Nhxf4 gxf4 31. Qd2 h5 32. Ng1 f3 33. g3 h4 34. h3 Qg6 35. g4 Re6 36. Qc1 Rfe8 37. Qf4 Rf8 38. Qc1 1/2-1/2

[Event "North American-ch U14"]
[Site "Montreal"]
[Date "2010.08.19"]
[Round "7"]
[White "Ding, Andrew"]
[Black "Semianiuk, Konstantin"]
[Result "1/2-1/2"]
[WhiteElo "2049"]
[BlackElo "2168"]
[PlyCount "61"]
[EventDate "2010.08.16"]
[EventType "swiss"]
[EventRounds "7"]
[EventCountry "CAN"]
[SourceTitle "EXT 2013"]
[Source "ChessBase"]
[SourceDate "2012.11.22"]
[SourceVersion "1"]
[SourceVersionDate "2012.11.22"]
[SourceQuality "1"]

1. d4 d5 2. c4 c6 3. Nf3 Nf6 4. Nc3 a6 5. a4 e6 6. e3 Be7 7. Bd3 a5 8. 0-0 Na6 9. b3 Nb4 10. Bb1 0-0 11. Ne5 Nd7 12. f4 f5 13. Ba3 Nxe5 14. fxe5 b6 15. Ne2 Ba6 16. Bxb4 axb4 17. Nf4 Qd7 18. Ba2 Bb7 19. Bb1 Bg5 20. Qd2 Qe7 21. Nd3 c5 22. Qe1 Rad8 23. Qf2 dxc4 24. bxc4 cxd4 25. exd4 Qd7 26. d5 exd5 27. Qxb6 dxc4 28. Nxb4 Qd2 29. Qxb7 Qd4+ 30. Kh1 Qxa1 31. Qb5 1/2-1/2